[Event "20. Obert Int. Sant Marti 2018 - B"]
[Site "Barcelona ESP"]
[Date "2018.07.16"]
[Round "4.2"]
[White "Valarezzo Ricard, Pedro"]
[Black "Walter Travella, German"]
[Result "1/2-1/2"]
[WhiteElo "1866"]
[BlackElo "1924"]
[PlyCount "68"]
[EventDate "2018.07.13"]
[EventType "swiss"]
[EventRounds "9"]
[EventCountry "ESP"]
[SourceTitle "Ajedrez en Madrid"]
[Source "lmi"]
[SourceDate "2018.07.13"]
[SourceVersion "1"]
[SourceVersionDate "2019.06.21"]
[SourceQuality "1"]

1. d4 Nf6 2. Nf3 g6 3. Bf4 Bg7 4. Nc3 d5 5. Ne5 Nh5 6. Bd2 c5 7. e3 a6 8. Be2
Bxe5 9. dxe5 Ng7 10. O-O b5 11. Bf3 Bb7 12. e4 d4 13. Nd5 Nd7 14. Bf4 e6 15.
Nf6+ Nxf6 16. exf6 Qxf6 17. Bd6 e5 18. Bxc5 Qc6 19. Ba3 a5 20. c3 dxc3 21. bxc3
Rd8 22. Qc1 Rd3 23. Qh6 Ne6 24. Bb2 Qc4 25. Rad1 Rxd1 26. Rxd1 Qxa2 27. Ba1 Ke7
28. Qe3 Rd8 29. Rxd8 Nxd8 30. Qe1 f6 31. Be2 b4 32. cxb4 axb4 33. Qxb4+ Kd7 34.
Bb5+ Bc6 1/2-1/2

[Event "20. Obert Int. Sant Marti 2018 - B"]
[Site "Barcelona ESP"]
[Date "2018.07.16"]
[Round "4.3"]
[White "Raghav, Bansal"]
[Black "Prats Safont, Sergi"]
[Result "1/2-1/2"]
[WhiteElo "1541"]
[BlackElo "1918"]
[PlyCount "94"]
[EventDate "2018.07.13"]
[EventType "swiss"]
[EventRounds "9"]
[EventCountry "ESP"]
[SourceTitle "Ajedrez en Madrid"]
[Source "lmi"]
[SourceDate "2018.07.13"]
[SourceVersion "1"]
[SourceVersionDate "2019.06.21"]
[SourceQuality "1"]

1. d4 Nf6 2. Bf4 e6 3. e3 c5 4. c3 d5 5. Nf3 Nc6 6. Nbd2 Bd6 7. Bg3 O-O 8. Bd3
b6 9. Qe2 cxd4 10. exd4 Bb7 11. Ne5 Ne7 12. O-O a6 13. a4 Re8 14. Rfe1 Nf5 15.
Qf3 Nxg3 16. fxg3 Qe7 17. Re2 Nd7 18. Ng4 f6 19. Rae1 e5 20. Bc4 Qf7 21. dxe5
fxe5 22. Qxf7+ Kxf7 23. Ba2 h5 24. Ne4 Ke7 25. Nxd6 Kxd6 26. Ne3 Ke6 27. Rd2
Nf6 28. Nc2 Rad8 29. c4 dxc4 30. Bxc4+ Kf5 31. Rxd8 Rxd8 32. Ne3+ Kg6 33. Rd1
Rxd1+ 34. Nxd1 e4 35. Ne3 Nd7 36. Bd5 Bxd5 37. Nxd5 Kf5 38. Kf2 Ke5 39. Nf4 Nf6
40. h3 g5 41. Ng6+ Kd4 42. h4 gxh4 43. gxh4 Kd3 44. Ne5+ Kd4 45. Ng6 b5 46.
axb5 axb5 47. Nf4 b4 1/2-1/2

[Event "20. Obert Int. Sant Marti 2018 - B"]
[Site "Barcelona ESP"]
[Date "2018.07.16"]
[Round "4.4"]
[White "Morais Carreras, Javier"]
[Black "Hovakimyan, Narek"]
[Result "1/2-1/2"]
[WhiteElo "1913"]
[BlackElo "1868"]
[PlyCount "109"]
[EventDate "2018.07.13"]
[EventType "swiss"]
[EventRounds "9"]
[EventCountry "ESP"]
[SourceTitle "Ajedrez en Madrid"]
[Source "lmi"]
[SourceDate "2018.07.13"]
[SourceVersion "1"]
[SourceVersionDate "2019.06.21"]
[SourceQuality "1"]

1. e4 e6 2. d3 d5 3. Nd2 Nf6 4. g3 dxe4 5. dxe4 Nc6 6. Ngf3 e5 7. Bg2 Bg4 8. h3
Bh5 9. O-O Bd6 10. Re1 Qe7 11. c3 O-O-O 12. b4 Bxf3 13. Bxf3 h5 14. Qa4 Nd7 15.
Nc4 Nb6 16. Nxb6+ axb6 17. Qa8+ Nb8 18. Ba3 c5 19. bxc5 Bxc5 20. Bxc5 Qxc5 21.
Red1 g6 22. Qa4 Rxd1+ 23. Qxd1 Rd8 24. Qc2 Nc6 25. Rc1 Na5 26. Rd1 Rxd1+ 27.
Bxd1 Kc7 28. Qd3 Qc4 29. Qxc4+ Nxc4 30. Bb3 Nd6 31. Bd5 b5 32. Kg2 f6 33. Kf3
Kb6 34. h4 Kc5 35. Bg8 Nc8 36. Bf7 Ne7 37. a3 Kd6 38. Ke2 Kc5 39. Kd3 Kc6 40.
Kc2 Kb6 41. Kb3 Kc5 42. f3 f5 43. Kc2 fxe4 44. fxe4 Kb6 45. Kd3 Ka5 46. Be8 Ka4
47. c4 Kxa3 48. cxb5 Kb4 49. Bd7 b6 50. Ke3 Kc4 51. Be8 Kc3 52. Kf3 Kd4 53. Bd7
Ng8 54. Bc6 Nf6 55. Bb7 1/2-1/2

[Event "20. Obert Int. Sant Marti 2018 - B"]
[Site "Barcelona ESP"]
[Date "2018.07.16"]
[Round "4.5"]
[White "Cano Sevilla, Ivan"]
[Black "Santos Ramos, Carlos"]
[Result "1-0"]
[WhiteElo "1948"]
[BlackElo "1866"]
[PlyCount "117"]
[EventDate "2018.07.13"]
[EventType "swiss"]
[EventRounds "9"]
[EventCountry "ESP"]
[SourceTitle "Ajedrez en Madrid"]
[Source "lmi"]
[SourceDate "2018.07.13"]
[SourceVersion "1"]
[SourceVersionDate "2019.06.21"]
[SourceQuality "1"]

1. b4 e5 2. Bb2 d6 3. c4 Be6 4. e3 Nf6 5. Nf3 h6 6. Be2 Be7 7. O-O O-O 8. a4
Nc6 9. b5 Na5 10. Qc2 b6 11. d4 e4 12. Nfd2 d5 13. cxd5 Bxd5 14. Nc3 c6 15.
bxc6 Nxc6 16. Nxd5 Qxd5 17. Bc4 Qf5 18. Bxf7+ Rxf7 19. Qxc6 Rc8 20. Qb5 Qxb5
21. axb5 Rc2 22. Bc1 Bb4 23. Nb3 Ng4 24. d5 Rcxf2 25. Rxf2 Nxf2 26. Ra4 Nd3 27.
Bd2 Bxd2 28. Nxd2 Nc1 29. g3 Ne2+ 30. Kg2 Nc3 31. Rd4 Nxb5 32. Rxe4 Rd7 33. Re5
Nd6 34. e4 a5 35. Re6 a4 36. e5 Nc8 37. Re8+ Kf7 38. Rxc8 Rxd5 39. Nc4 b5 40.
Nd6+ Ke6 41. Rb8 a3 42. Nxb5 Rd2+ 43. Kh3 Rb2 44. Nc7+ Kxe5 45. Ra8 a2 46. Ra5+
Ke4 47. Ne6 g5 48. Nc5+ Kf3 49. Ra3+ Ke2 50. Ne4 Rc2 51. Rxa2 Rxa2 52. Nc3+ Kf3
53. Nxa2 h5 54. Nc3 h4 55. Nd1 hxg3 56. hxg3 Ke2 57. Kg4 Kxd1 58. Kxg5 Kd2 59.
Kf5 1-0

[Event "20. Obert Int. Sant Marti 2018 - B"]
[Site "Barcelona ESP"]
[Date "2018.07.16"]
[Round "4.6"]
[White "Farre Buil, Carles"]
[Black "Zaiats, Vladimir"]
[Result "1-0"]
[WhiteElo "1855"]
[BlackElo "1943"]
[PlyCount "119"]
[EventDate "2018.07.13"]
[EventType "swiss"]
[EventRounds "9"]
[EventCountry "ESP"]
[SourceTitle "Ajedrez en Madrid"]
[Source "lmi"]
[SourceDate "2018.07.13"]
[SourceVersion "1"]
[SourceVersionDate "2019.06.21"]
[SourceQuality "1"]

1. c4 e6 2. d4 d5 3. Nc3 c5 4. cxd5 exd5 5. Nf3 Nc6 6. e3 Nf6 7. Be2 Be7 8. O-O
O-O 9. h3 Bf5 10. a3 c4 11. b3 Na5 12. bxc4 dxc4 13. Nd2 a6 14. Nxc4 Rc8 15.
Nxa5 Qxa5 16. Nb1 Qb6 17. Nd2 Nd5 18. Bg4 Bc2 19. Qf3 Rcd8 20. Bf5 Qc7 21. Bxc2
Qxc2 22. Qd1 Qg6 23. Bb2 b5 24. Qb3 Nb6 25. Rac1 Na4 26. Nf3 Qd6 27. Ne5 Nxb2
28. Qxb2 Qxa3 29. Qxa3 Bxa3 30. Ra1 b4 31. Nc4 f6 32. Nxa3 bxa3 33. Rxa3 Rd6
34. Rfa1 Ra8 35. Ra5 Kf7 36. d5 Ra7 37. e4 Ke7 38. f4 g6 39. Rb1 Rad7 40. Kf2
f5 41. Ke3 fxe4 42. Kxe4 Kf6 43. g4 h6 44. Rba1 Kf7 45. Rxa6 Rxd5 46. Ra7 Rd4+
47. Kf3 Rd3+ 48. Kg2 Kf6 49. Rxd7 Rxd7 50. Ra6+ Kg7 51. Re6 Kf7 52. f5 gxf5 53.
Rxh6 Kg7 54. g5 f4 55. Kf3 Rd4 56. h4 Ra4 57. Rf6 Ra3+ 58. Kxf4 Ra4+ 59. Kg3
Ra3+ 60. Kg4 1-0

[Event "20. Obert Int. Sant Marti 2018 - B"]
[Site "Barcelona ESP"]
[Date "2018.07.16"]
[Round "4.7"]
[White "Palacios Pena, Gerardo"]
[Black "Colom Andres, Xavier"]
[Result "1/2-1/2"]
[WhiteElo "1905"]
[BlackElo "1838"]
[PlyCount "66"]
[EventDate "2018.07.13"]
[EventType "swiss"]
[EventRounds "9"]
[EventCountry "ESP"]
[SourceTitle "Ajedrez en Madrid"]
[Source "lmi"]
[SourceDate "2018.07.13"]
[SourceVersion "1"]
[SourceVersionDate "2019.06.21"]
[SourceQuality "1"]

1. d4 d5 2. Nf3 Nf6 3. Bf4 c5 4. e3 Nc6 5. c3 Qb6 6. Qb3 c4 7. Qc2 Bf5 8. Qc1
e6 9. h3 h6 10. Be2 Be7 11. O-O O-O 12. Nbd2 Rfc8 13. Ne5 Nxe5 14. Bxe5 Ne4 15.
Nxe4 Bxe4 16. Bd1 Qd8 17. Bc2 Bxc2 18. Qxc2 b5 19. e4 a5 20. exd5 Qxd5 21. a3
Rd8 22. Rfe1 Bd6 23. Bxd6 Rxd6 24. Re5 Qc6 25. Qe2 Rad8 26. Re1 Rd5 27. Qh5 b4
28. axb4 axb4 29. Qf3 Qa4 30. Rxd5 Rxd5 31. Qg3 b3 32. Qb8+ Kh7 33. Qc7 Kg8
1/2-1/2

[Event "20. Obert Int. Sant Marti 2018 - B"]
[Site "Barcelona ESP"]
[Date "2018.07.16"]
[Round "4.8"]
[White "Poyato Ruiz, Fernando"]
[Black "Zubimendi Felip, Ricard"]
[Result "1-0"]
[WhiteElo "1894"]
[BlackElo "1752"]
[PlyCount "79"]
[EventDate "2018.07.13"]
[EventType "swiss"]
[EventRounds "9"]
[EventCountry "ESP"]
[SourceTitle "Ajedrez en Madrid"]
[Source "lmi"]
[SourceDate "2018.07.13"]
[SourceVersion "1"]
[SourceVersionDate "2019.06.21"]
[SourceQuality "1"]

1. d4 Nf6 2. c4 g6 3. Nc3 d5 4. cxd5 Nxd5 5. e4 Nxc3 6. bxc3 Bg7 7. Bc4 c5 8.
Ne2 O-O 9. O-O cxd4 10. cxd4 Nc6 11. Be3 b6 12. Rc1 Bb7 13. Qd2 e6 14. Rfd1 Qe7
15. Bh6 Rfd8 16. Bxg7 Kxg7 17. Qe3 Rac8 18. d5 exd5 19. Bxd5 Na5 20. Rxc8 Rxc8
21. Nf4 Bxd5 22. Nxd5 Qe6 23. Qd4+ f6 24. Nxf6 Rc4 25. Nh5+ Kh6 26. Qe3+ g5 27.
Rd5 Qg4 28. Nf6 Qf4 29. Qh3+ Qh4 30. Ng8+ Kg7 31. Qd7+ Kh8 32. Nf6 Rc1+ 33. Rd1
Rxd1+ 34. Qxd1 Kg7 35. g3 Qh3 36. Qd4 Qe6 37. Nh5+ Kg6 38. Qg7+ Kxh5 39. Qxh7+
Kg4 40. Kg2 1-0

[Event "20. Obert Int. Sant Marti 2018 - B"]
[Site "Barcelona ESP"]
[Date "2018.07.16"]
[Round "4.9"]
[White "Brufau Devesa, Eduard"]
[Black "Perez Garcia, Jose Miguel"]
[Result "0-1"]
[WhiteElo "1714"]
[BlackElo "1891"]
[PlyCount "150"]
[EventDate "2018.07.13"]
[EventType "swiss"]
[EventRounds "9"]
[EventCountry "ESP"]
[SourceTitle "Ajedrez en Madrid"]
[Source "lmi"]
[SourceDate "2018.07.13"]
[SourceVersion "1"]
[SourceVersionDate "2019.06.21"]
[SourceQuality "1"]

1. d4 Nf6 2. c4 g6 3. Nc3 Bg7 4. Nf3 O-O 5. Bf4 d6 6. e3 c6 7. h3 Nbd7 8. Be2
Qa5 9. Qa4 Qxa4 10. Nxa4 Ne4 11. Nc3 Nxc3 12. bxc3 c5 13. O-O b6 14. a4 Re8 15.
Rfe1 Ba6 16. Rad1 Rac8 17. Rc1 e5 18. Bg3 cxd4 19. cxd4 exd4 20. Nxd4 Bxd4 21.
exd4 d5 22. Kf1 Bxc4 23. Bxc4 Rxe1+ 24. Rxe1 dxc4 25. Re7 Nf6 26. Rxa7 g5 27.
Ke1 c3 28. Rc7 Rxc7 29. Bxc7 Nd5 30. Bd8 f6 31. a5 bxa5 32. Bxa5 Nf4 33. Bxc3
Nxg2+ 34. Kf1 Nf4 35. h4 gxh4 36. Bd2 Ng6 37. Kg2 Kf7 38. Bh6 Ke6 39. Kh3 Kf5
40. Bg7 Kg5 41. Kh2 Nf4 42. Bf8 Kg4 43. Bc5 Kf3 44. Bd6 Nd5 45. Kh3 Kxf2 46.
Kxh4 Ke3 47. Kg4 Ke4 48. Bb8 Ne7 49. Bd6 Nf5 50. Bh2 Nxd4 51. Kh5 Nf3 52. Bg3
Ng5 53. Bh4 Kf5 54. Be1 Nf7 55. Bc3 Ke6 56. Bd2 f5 57. Bf4 Kd5 58. Kh4 Ke4 59.
Kg3 Nh8 60. Bh6 Ng6 61. Kf2 f4 62. Ke2 Ne5 63. Bg5 Kf5 64. Bh6 Ke4 65. Bg5 h5
66. Kf2 Kf5 67. Be7 Kg4 68. Bd6 Nf7 69. Bc7 Ng5 70. Bb6 Ne4+ 71. Kg2 h4 72. Bc7
Ng5 73. Kh2 f3 74. Bb6 Ne4 75. Bc7 h3 0-1

[Event "20. Obert Int. Sant Marti 2018 - B"]
[Site "Barcelona ESP"]
[Date "2018.07.16"]
[Round "4.10"]
[White "Melnik, Alexander"]
[Black "Pereda Villalba, Julian"]
[Result "1-0"]
[WhiteElo "1882"]
[BlackElo "1669"]
[PlyCount "37"]
[EventDate "2018.07.13"]
[EventType "swiss"]
[EventRounds "9"]
[EventCountry "ESP"]
[SourceTitle "Ajedrez en Madrid"]
[Source "lmi"]
[SourceDate "2018.07.13"]
[SourceVersion "1"]
[SourceVersionDate "2019.06.21"]
[SourceQuality "1"]

1. e4 e6 2. d4 d6 3. Nf3 g6 4. Bg5 Be7 5. Bf4 Nf6 6. Nc3 O-O 7. Qd2 Nh5 8. Bh6
Ng7 9. Bc4 c6 10. Bb3 Re8 11. O-O-O d5 12. h4 dxe4 13. Nxe4 Nf5 14. Bf4 Ng7 15.
g4 h5 16. gxh5 Nxh5 17. Be5 Nd7 18. Qh6 Bf8 19. Qh8# 1-0

[Event "20. Obert Int. Sant Marti 2018 - B"]
[Site "Barcelona ESP"]
[Date "2018.07.16"]
[Round "4.11"]
[White "Minko, Olga"]
[Black "Vargas Drechsler, Carlos"]
[Result "1/2-1/2"]
[WhiteElo "1822"]
[BlackElo "1871"]
[PlyCount "86"]
[EventDate "2018.07.13"]
[EventType "swiss"]
[EventRounds "9"]
[EventCountry "ESP"]
[SourceTitle "Ajedrez en Madrid"]
[Source "lmi"]
[SourceDate "2018.07.13"]
[SourceVersion "1"]
[SourceVersionDate "2019.06.21"]
[SourceQuality "1"]

1. e4 e5 2. Nf3 Nc6 3. d4 exd4 4. Nxd4 Bc5 5. Be3 Qf6 6. c3 Nge7 7. g3 d5 8.
Bg2 Bxd4 9. cxd4 dxe4 10. Nc3 Bf5 11. Nxe4 Bxe4 12. Bxe4 O-O 13. O-O Rfd8 14.
Qh5 h6 15. d5 Nd4 16. Rad1 Nef5 17. g4 Ne2+ 18. Kh1 Nxe3 19. fxe3 Qe7 20. Qf5
g6 21. Qf3 c6 22. Bd3 Rxd5 23. Bxe2 Re5 24. Bc4 Rf8 25. Rd3 Kg7 26. Rfd1 b5 27.
Bb3 c5 28. Bc2 c4 29. Rd7 Rxe3 30. Rxe7 Rxf3 31. Kg1 a5 32. Kg2 Rf4 33. Kg3 g5
34. Ra7 Re8 35. Bf5 Re3+ 36. Kg2 Re2+ 37. Kg3 Re3+ 38. Kg2 Re2+ 39. Kg1 Rff2
40. Rdd7 Rg2+ 41. Kf1 Rgf2+ 42. Kg1 Rg2+ 43. Kf1 Rgf2+ 1/2-1/2

[Event "20. Obert Int. Sant Marti 2018 - B"]
[Site "Barcelona ESP"]
[Date "2018.07.16"]
[Round "4.12"]
[White "Lozano Ruiz, David"]
[Black "Esteban Lupianez, Jose Miguel"]
[Result "1-0"]
[WhiteElo "1869"]
[BlackElo "1735"]
[PlyCount "65"]
[EventDate "2018.07.13"]
[EventType "swiss"]
[EventRounds "9"]
[EventCountry "ESP"]
[SourceTitle "Ajedrez en Madrid"]
[Source "lmi"]
[SourceDate "2018.07.13"]
[SourceVersion "1"]
[SourceVersionDate "2019.06.21"]
[SourceQuality "1"]

1. c4 Nf6 2. g3 g6 3. Bg2 c6 4. Nc3 Bg7 5. e4 d6 6. d4 O-O 7. Nge2 Bg4 8. f3
Be6 9. b3 Qd7 10. Nf4 Na6 11. O-O Qc8 12. Nxe6 Qxe6 13. Be3 Qd7 14. Rc1 Rac8
15. Qe2 Qc7 16. f4 e6 17. f5 exf5 18. exf5 Rce8 19. Qf3 Ng4 20. Qxg4 Rxe3 21.
Qf4 Ree8 22. f6 Bh8 23. g4 Re6 24. g5 Nb4 25. Nd5 Nd3 26. Nxc7 Nxf4 27. Nxe6
Nxe6 28. h4 Nxd4 29. Rce1 Ne6 30. Bh3 Re8 31. Bxe6 Rxe6 32. Rxe6 fxe6 33. Rd1
1-0

[Event "20. Obert Int. Sant Marti 2018 - B"]
[Site "Barcelona ESP"]
[Date "2018.07.16"]
[Round "4.13"]
[White "Garcia Quevedo, Jose"]
[Black "Carrasco Cortada, Juan"]
[Result "1/2-1/2"]
[WhiteElo "1864"]
[BlackElo "1649"]
[PlyCount "23"]
[EventDate "2018.07.13"]
[EventType "swiss"]
[EventRounds "9"]
[EventCountry "ESP"]
[SourceTitle "Ajedrez en Madrid"]
[Source "lmi"]
[SourceDate "2018.07.13"]
[SourceVersion "1"]
[SourceVersionDate "2019.06.21"]
[SourceQuality "1"]

1. d4 d5 2. c4 c6 3. Nf3 Nf6 4. Nc3 dxc4 5. a4 Bf5 6. e3 e6 7. Bxc4 Bb4 8. Bd2
Qe7 9. O-O Nbd7 10. Qe2 Bxc3 11. Bxc3 Ne4 12. Rfc1 1/2-1/2

[Event "20. Obert Int. Sant Marti 2018 - B"]
[Site "Barcelona ESP"]
[Date "2018.07.16"]
[Round "4.14"]
[White "Castillo Dalmau, Arnau"]
[Black "Saxena, Anshul"]
[Result "1/2-1/2"]
[WhiteElo "1862"]
[BlackElo "1647"]
[PlyCount "83"]
[EventDate "2018.07.13"]
[EventType "swiss"]
[EventRounds "9"]
[EventCountry "ESP"]
[SourceTitle "Ajedrez en Madrid"]
[Source "lmi"]
[SourceDate "2018.07.13"]
[SourceVersion "1"]
[SourceVersionDate "2019.06.21"]
[SourceQuality "1"]

1. e4 c5 2. Nf3 Nc6 3. d4 cxd4 4. Nxd4 g6 5. c4 Bg7 6. Be3 Nf6 7. Nc3 d6 8. Be2
O-O 9. O-O Nd7 10. Qd2 Nxd4 11. Bxd4 Bxd4 12. Qxd4 Qb6 13. Qd2 Nf6 14. h3 Bd7
15. Kh1 Bc6 16. Bd3 e6 17. Rae1 Rad8 18. Qc2 d5 19. cxd5 exd5 20. e5 Nh5 21.
Qc1 Qd4 22. Bc2 Rfe8 23. Qd1 Qh4 24. Qg4 Qxg4 25. hxg4 Nf4 26. f3 d4 27. Ne4
Re7 28. Nf6+ Kg7 29. g3 Nd5 30. Nxd5 Rxd5 31. Rf2 Rexe5 32. Rxe5 Rxe5 33. Kg2
Re3 34. Bd1 Kf6 35. Rd2 Ke5 36. Kf2 f5 37. gxf5 gxf5 38. Be2 Bd5 39. f4+ Ke4
40. Bf1 Rf3+ 41. Ke1 Re3+ 42. Kf2 1/2-1/2

[Event "20. Obert Int. Sant Marti 2018 - B"]
[Site "Barcelona ESP"]
[Date "2018.07.16"]
[Round "4.15"]
[White "Moravich, Juan"]
[Black "Morales Mendizabal, Pere"]
[Result "1-0"]
[WhiteElo "1949"]
[BlackElo "1742"]
[PlyCount "49"]
[EventDate "2018.07.13"]
[EventType "swiss"]
[EventRounds "9"]
[EventCountry "ESP"]
[SourceTitle "Ajedrez en Madrid"]
[Source "lmi"]
[SourceDate "2018.07.13"]
[SourceVersion "1"]
[SourceVersionDate "2019.06.21"]
[SourceQuality "1"]

1. e4 c6 2. c4 d6 3. Nc3 g6 4. g3 Bg7 5. Bg2 Qb6 6. Nge2 Bg4 7. h3 Bxe2 8. Qxe2
Nd7 9. O-O Ngf6 10. d3 O-O 11. Be3 Qc7 12. f4 e5 13. f5 d5 14. exd5 Nh5 15. Qf3
e4 16. Nxe4 Ne5 17. Qe2 Nd7 18. dxc6 bxc6 19. g4 Ng3 20. Nxg3 Qxg3 21. Qf2 Qd6
22. d4 Rfe8 23. Rad1 Re7 24. Bg5 Nf6 25. fxg6 1-0

[Event "20. Obert Int. Sant Marti 2018 - B"]
[Site "Barcelona ESP"]
[Date "2018.07.16"]
[Round "4.16"]
[White "Planella Sanchez, Jordi"]
[Black "Ishaan, Bansal"]
[Result "1/2-1/2"]
[WhiteElo "1945"]
[BlackElo "1759"]
[PlyCount "91"]
[EventDate "2018.07.13"]
[EventType "swiss"]
[EventRounds "9"]
[EventCountry "ESP"]
[SourceTitle "Ajedrez en Madrid"]
[Source "lmi"]
[SourceDate "2018.07.13"]
[SourceVersion "1"]
[SourceVersionDate "2019.06.21"]
[SourceQuality "1"]

1. b3 d5 2. Bb2 Nf6 3. f4 c5 4. e3 Nc6 5. Nf3 Bg4 6. Bb5 Qb6 7. Bxc6+ Qxc6 8.
d3 Bxf3 9. Qxf3 g6 10. Nd2 Bg7 11. O-O O-O 12. Rae1 b5 13. f5 Rad8 14. Qe2 a5
15. fxg6 hxg6 16. Nf3 b4 17. Be5 Rc8 18. Nd2 Qe6 19. Bxf6 Bxf6 20. e4 Bc3 21.
exd5 Qxd5 22. Rd1 Bxd2 23. Rxd2 e6 24. Rf4 a4 25. Rc4 axb3 26. axb3 Ra8 27. Rd1
e5 28. Qf2 Rfc8 29. Re1 Kg7 30. Qg3 f6 31. Rf1 Rc6 32. Rh4 Rcc8 33. Rg4 Qf7 34.
Re4 Qa7 35. Qf2 Qe7 36. Re3 Rd8 37. Rf3 Ra6 38. Rh3 Rh8 39. Rg3 Ra2 40. Rg4
Raa8 41. Rc4 Rhc8 42. Qe3 Qd6 43. Rh4 Rh8 44. Rxh8 Rxh8 45. Ra1 Rf8 46. Qe1
1/2-1/2

[Event "20. Obert Int. Sant Marti 2018 - B"]
[Site "Barcelona ESP"]
[Date "2018.07.16"]
[Round "4.17"]
[White "Sumelzo Lozano, Jose"]
[Black "Low, Ethan"]
[Result "1-0"]
[WhiteElo "1941"]
[BlackElo "1741"]
[PlyCount "105"]
[EventDate "2018.07.13"]
[EventType "swiss"]
[EventRounds "9"]
[EventCountry "ESP"]
[SourceTitle "Ajedrez en Madrid"]
[Source "lmi"]
[SourceDate "2018.07.13"]
[SourceVersion "1"]
[SourceVersionDate "2019.06.21"]
[SourceQuality "1"]

1. d4 Nf6 2. c4 e6 3. Nf3 Bb4+ 4. Bd2 a5 5. Nc3 b6 6. e3 Bb7 7. Bd3 d5 8. cxd5
exd5 9. O-O O-O 10. Rc1 Nbd7 11. Qe2 Re8 12. Nb5 Bxd2 13. Qxd2 Rc8 14. Na7 Ra8
15. Nc6 Bxc6 16. Rxc6 Nb8 17. Rc2 c6 18. Rfc1 Qd6 19. Qe2 Ra7 20. g3 Rc7 21.
Bf5 g6 22. Bh3 Ne4 23. Bg2 Nd7 24. Nd2 f5 25. Re1 Ndf6 26. Nf3 Nd7 27. Qd3 Rcc8
28. Rec1 Rc7 29. Qa6 Rec8 30. Ne5 c5 31. Nxd7 Qxd7 32. Bxe4 fxe4 33. Qxb6 c4
34. b3 a4 35. bxc4 Rxc4 36. Rxc4 dxc4 37. Qb4 Qc6 38. Rc3 Kf7 39. Kg2 Rc7 40.
Qb8 Re7 41. Qf4+ Ke8 42. Qg5 Rc7 43. Qe5+ Kf7 44. d5 Qc5 45. Qxe4 Qb4 46. Qe6+
Kf8 47. Qe5 Rd7 48. Qh8+ Ke7 49. Qxh7+ Kd6 50. Qxg6+ Kxd5 51. Qg8+ Kd6 52. Qxc4
Qb1 53. e4 1-0

[Event "20. Obert Int. Sant Marti 2018 - B"]
[Site "Barcelona ESP"]
[Date "2018.07.16"]
[Round "4.18"]
[White "Mercader Rubio, Luis"]
[Black "Ramos Alvarez, Maximo"]
[Result "0-1"]
[WhiteElo "1732"]
[BlackElo "1939"]
[PlyCount "92"]
[EventDate "2018.07.13"]
[EventType "swiss"]
[EventRounds "9"]
[EventCountry "ESP"]
[SourceTitle "Ajedrez en Madrid"]
[Source "lmi"]
[SourceDate "2018.07.13"]
[SourceVersion "1"]
[SourceVersionDate "2019.06.21"]
[SourceQuality "1"]

1. e4 c5 2. Nf3 e6 3. d4 cxd4 4. Nxd4 Nf6 5. Bd3 Nc6 6. Nf3 d6 7. O-O Be7 8. a3
O-O 9. Nc3 a6 10. Rb1 b5 11. Bg5 Qc7 12. Re1 h6 13. Bh4 Nd7 14. Bxe7 Nxe7 15.
Nd2 Bb7 16. f4 Nc5 17. Be2 Rad8 18. Bf3 d5 19. e5 Nd7 20. Rc1 a5 21. g3 Nf5 22.
Nf1 Nb6 23. Kg2 Qc5 24. Qe2 Nc4 25. Qf2 Qc6 26. g4 Ne7 27. Nd1 Ng6 28. Kg3 f6
29. exf6 Rxf6 30. f5 exf5 31. Qd4 Qc7+ 32. Kf2 fxg4 33. Kg1 gxf3 34. Ng3 Nf4
35. Nf2 h5 36. b3 Nd6 37. Kh1 h4 38. Nf1 Ne2 39. Qxh4 Nxc1 40. Rxc1 Nf5 41. Qg4
Nh6 42. Qd4 Qf4 43. Qb2 Ng4 44. Nd3 Qg5 45. Ng3 Rh6 46. Nf1 Nf2+ 0-1

[Event "20. Obert Int. Sant Marti 2018 - B"]
[Site "Barcelona ESP"]
[Date "2018.07.16"]
[Round "4.19"]
[White "Pera Muntasell, Marc"]
[Black "Fungueirino Pique, Daniel"]
[Result "1-0"]
[WhiteElo "1920"]
[BlackElo "1740"]
[PlyCount "89"]
[EventDate "2018.07.13"]
[EventType "swiss"]
[EventRounds "9"]
[EventCountry "ESP"]
[SourceTitle "Ajedrez en Madrid"]
[Source "lmi"]
[SourceDate "2018.07.13"]
[SourceVersion "1"]
[SourceVersionDate "2019.06.21"]
[SourceQuality "1"]

1. e4 e6 2. Nf3 d5 3. e5 c5 4. d3 Nc6 5. g3 Nge7 6. Bg2 Ng6 7. Qe2 Qc7 8. Bf4
Nxf4 9. gxf4 Bd7 10. c4 d4 11. Nbd2 Be7 12. h4 Qb6 13. Ne4 Qa5+ 14. Qd2 Qxd2+
15. Kxd2 h6 16. h5 f5 17. Ng3 Bd8 18. Nh4 Ba5+ 19. Ke2 Kf7 20. Ng6 Rhe8 21.
Rhb1 Nb4 22. a3 Nc6 23. b4 Bb6 24. bxc5 Bc7 25. Rxb7 Rac8 26. Rab1 Red8 27.
Bxc6 Bxc6 28. Rxa7 Rd7 29. Nf1 Ra8 30. Rxa8 Bxa8 31. Nd2 Bc6 32. Rb4 Ba5 33.
Rb8 Rd8 34. Rxd8 Bxd8 35. Nb3 Bc7 36. Nxd4 Ba8 37. Nb5 Ba5 38. Nd6+ Kg8 39. Ke3
Bc3 40. Nb5 Bb2 41. a4 Bc1+ 42. Ke2 Bb7 43. a5 Bb2 44. a6 Bxa6 45. c6 1-0

[Event "20. Obert Int. Sant Marti 2018 - B"]
[Site "Barcelona ESP"]
[Date "2018.07.16"]
[Round "4.20"]
[White "Romero Funieles, Rafael"]
[Black "Fernandez Egea, Andres"]
[Result "1/2-1/2"]
[WhiteElo "1725"]
[BlackElo "1876"]
[PlyCount "219"]
[EventDate "2018.07.13"]
[EventType "swiss"]
[EventRounds "9"]
[EventCountry "ESP"]
[SourceTitle "Ajedrez en Madrid"]
[Source "lmi"]
[SourceDate "2018.07.13"]
[SourceVersion "1"]
[SourceVersionDate "2019.06.21"]
[SourceQuality "1"]

1. e4 c5 2. c4 d6 3. Nf3 Nc6 4. Nc3 g6 5. d3 Bg7 6. h3 a6 7. Bd2 Nf6 8. Be2 O-O
9. O-O Nd7 10. Rb1 Rb8 11. a3 b5 12. cxb5 axb5 13. Nd5 Nb6 14. b4 Nxd5 15. exd5
Nd4 16. Bf4 Rb7 17. Nxd4 Bxd4 18. bxc5 Bxc5 19. Bh6 Re8 20. Qd2 Bd4 21. Rb3 Bd7
22. Qb4 Qb6 23. Qd2 Ra8 24. Bg5 Be8 25. Bf3 Rba7 26. Re1 f6 27. Bh6 Bf7 28. Rc1
Bc5 29. d4 Bxa3 30. Rc6 Qa5 31. Qc2 Re8 32. Rc8 Ra8 33. Rxa8 Rxa8 34. Qe2 b4
35. Qxe7 Qd8 36. Qe3 Qe8 37. Qf4 Qd8 38. h4 Rc8 39. Rb1 b3 40. Qe3 Bb4 41. Qxb3
Bc3 42. Rd1 Qe7 43. Bg4 f5 44. Bg5 Qa7 45. Bf3 Bxd4 46. Rf1 Rc3 47. Qb4 Qc5 48.
Qb8+ Kg7 49. Be7 Qc8 50. Qxd6 Rc2 51. Qd8 Qxd8 52. Bxd8 Kf8 53. d6 Ke8 54. Be7
Bc4 55. Rd1 Bxf2+ 56. Kh1 Bb5 57. Rb1 Bg3 58. h5 Kd7 59. hxg6 hxg6 60. Bf8 Ke6
61. Rd1 Bd7 62. Bd5+ Kf6 63. Bb3 Rb2 64. Bg8 Kg5 65. Bg7 Rc2 66. Bb3 Re2 67.
Bf8 Bc6 68. Be7+ Kh6 69. d7 Bxd7 70. Bd6 f4 71. Bc4 Rc2 72. Bd3 Ra2 73. Be4 Bg4
74. Rf1 Rd2 75. Bxf4+ Bxf4 76. Rxf4 Kg5 77. Rf8 Bh5 78. Rf1 Kh4 79. Kh2 g5 80.
Bf3 g4 81. Bc6 g3+ 82. Kh1 Be2 83. Rb1 Kg4 84. Rb4+ Kg5 85. Rb1 Kf4 86. Kg1 Ke3
87. Re1 Rd6 88. Bf3 Rd2 89. Bh5 Kd3 90. Bg6+ Ke3 91. Bf5 Rd5 92. Be4 Rd4 93.
Bb7 Kd2 94. Rb1 Bd3 95. Ra1 Bc2 96. Ra3 Bd3 97. Bf3 Rb4 98. Ra1 Bb1 99. Ra3 Rc4
100. Bd1 Bd3 101. Ra1 Be4 102. Bf3 Bxf3 103. gxf3 Ke3 104. Kg2 Kf4 105. Ra3
Rc2+ 106. Kg1 g2 107. Rb3 Kg5 108. Rb4 Re2 109. Rg4+ Kf5 110. Rxg2 1/2-1/2